Central Library OPAC University of Rajshahi

Telecommunications and the computer / (Record no. 6796)

MARC details
000 -LEADER
fixed length control field 00850pam a2200277 a 4500
001 - CONTROL NUMBER
control field 6796
003 - CONTROL NUMBER IDENTIFIER
rucl marc code BD-RjUL
005 - DATE AND TIME OF LATEST TRANSACTION
control field 20211208234320.0
008 - FIXED-LENGTH DATA ELEMENTS--GENERAL INFORMATION
fixed length control field 170104r20041990njua 001 0 eng d
020 ## - INTERNATIONAL STANDARD BOOK NUMBER
International Standard Book Number 8120307712
035 ## - SYSTEM CONTROL NUMBER
System control number (BD-RjUL)6838
040 ## - CATALOGING SOURCE
Original cataloging agency DLC
Transcribing agency DLC
Modifying agency DLC
Language of cataloging eng
041 ## - LANGUAGE CODE
Language code of text/sound track or separate title eng
082 00 - DEWEY DECIMAL CLASSIFICATION NUMBER
Classification number 621.382
Edition number 20
Author mark and year MAT 2004
100 1# - MAIN ENTRY--PERSONAL NAME
Personal name Martin, James,
Dates associated with a name 1933-2013.
9 (RLIN) 1091
245 10 - TITLE STATEMENT
Title Telecommunications and the computer /
Statement of responsibility, etc. James Martin.
250 ## - EDITION STATEMENT
Edition statement 3rd ed.
260 ## - PUBLICATION, DISTRIBUTION, ETC. (IMPRINT)
Place of publication, distribution, etc. Englewood Cliffs, N.J. :
Name of publisher, distributor, etc. Prentice Hall,
Date of publication, distribution, etc. c1990. [Reprinted 2004]
300 ## - PHYSICAL DESCRIPTION
Pagination xvi, 720 p. :
Illustrations ill. ;
Size 25 cm.
500 ## - GENERAL NOTE
General note "A James Martin book"--Cover.
504 ## - BIBLIOGRAPHY, ETC. NOTE
Bibliography, etc Includes bibliographical references and index.
650 #0 - SUBJECT ADDED ENTRY--TOPICAL TERM
Topical term or geographic name as entry element Telecommunication.
9 (RLIN) 21364
Topical term or geographic name as entry element Data transmission systems.
9 (RLIN) 408
942 ## - ADDED ENTRY ELEMENTS (KOHA)
Source of classification or shelving scheme Dewey Decimal Classification
Koha item type Books
Holdings
Lost status Source of classification or shelving scheme Damaged status Not for loan Collection code Permanent Location Current Location Shelving location Date acquired Source of acquisition Cost, normal purchase price Total Checkouts Full call number Date last seen Copy number Koha item type
  Dewey Decimal Classification   Not For Loan Non-fiction Central Library, University of Rajshahi Central Library, University of Rajshahi Reading Room 08/06/2008 Paragon Enterprises Dhaka 275.00   621.382 MAT 2004 04/01/2017 C-1 Books
  Dewey Decimal Classification     Non-fiction Central Library, University of Rajshahi Central Library, University of Rajshahi   08/06/2008 Paragon Enterprises Dhaka 275.00   621.382 MAT 2004 04/01/2017 C-2 Books
  Dewey Decimal Classification     Non-fiction Central Library, University of Rajshahi Central Library, University of Rajshahi   08/06/2008 Paragon Enterprises Dhaka 275.00   621.382 MAT 2004 04/01/2017 C-3 Books